000
00336cam a2200145ua 4500
041
_a
hin
_h
082
_a
891.54
_b
GEO/RA
100
_a
Geo, Amkahani .
245
_a
Rahyak /
_c
Geo Aomkhami.
_h
Textual Documents
260
_a
:
_b
Rajpal and Sanch ,
_c
1962.
300
_a
269 ; .
504
_a
942
_c
BK
999
_c
12319
_d
12319